Davy's of London (wine merchants) Ltd v City of London Corporation (Record no. 118261)

MARC details
000 -LEADER
fixed length control field 01566cam a2200253 4500
001 - CONTROL NUMBER
control field ABS68446
008 - FIXED-LENGTH DATA ELEMENTS--GENERAL INFORMATION
fixed length control field 041101n2004 000 0 eng u
035 ## - SYSTEM CONTROL NUMBER
System control number (Sirsi) u127885
245 ## - TITLE STATEMENT
Title Davy's of London (wine merchants) Ltd v City of London Corporation
260 ## - PUBLICATION, DISTRIBUTION, ETC.
Date of publication, distribution, etc. 2004
490 ## - SERIES STATEMENT
Series statement Estates Gaxette
Volume/sequential designation [2004] 49 EG 136-147(12)
520 ## - SUMMARY, ETC.
Summary, etc. [2004] EWHC 2224 (Ch), 6 October 2004. The defendant developers (C) appealed against an order granting the claimant tenants (D) a new business tenancy of its premises for 14 years containing a rolling break operable after five years on 11 month's notice. D had an existing tenancy of the wine bar premises and sought to renew its tenancy. The premises were in need of refurbishment that could not take place with D in occupation. C argued that it had negotiated the sale of the buildings to a developer to redevelop the site and its surrounding area. C argued that in the light of new evidence as to events occurring since the earlier hearing about the proposed development, the judge's order relating to the break clause should be varied to permit its earlier exercise at short notice. "Held": the appeal was allowed in part.
590 ## - LOCAL NOTE (RLIN)
Local note ABS
590 ## - LOCAL NOTE (RLIN)
Local note ABS
650 ## - SUBJECT ADDED ENTRY--TOPICAL TERM
Topical term or geographic name entry element DAVY'S OF LONDON (WINE MERCHANTS) LTD V CITY OF LONDON CORPORATION
650 ## - SUBJECT ADDED ENTRY--TOPICAL TERM
Topical term or geographic name entry element LANDLORD AND TENANT ACT 1954 S35
650 ## - SUBJECT ADDED ENTRY--TOPICAL TERM
Topical term or geographic name entry element PROCEDURE
650 ## - SUBJECT ADDED ENTRY--TOPICAL TERM
Topical term or geographic name entry element BREAK CLAUSES
650 ## - SUBJECT ADDED ENTRY--TOPICAL TERM
Topical term or geographic name entry element BUSINESS TENANCIES
650 ## - SUBJECT ADDED ENTRY--TOPICAL TERM
Topical term or geographic name entry element REDEVELOPMENT
650 ## - SUBJECT ADDED ENTRY--TOPICAL TERM
Topical term or geographic name entry element NOTICE
690 ## - LOCAL SUBJECT ADDED ENTRY--TOPICAL TERM (OCLC, RLIN)
Topical term or geographic name as entry element LANDLORD AND TENANT-BUSINESS TENANCIES-CASE LAW
942 ## - ADDED ENTRY ELEMENTS (KOHA)
Suppress in OPAC 0
Holdings
Withdrawn status Lost status Source of classification or shelving scheme Damaged status Not for loan Home library Current library Shelving location Date acquired Total Checkouts Full call number Barcode Date last seen Copy number Price effective from Koha item type
    Dewey Decimal Classification     London London Journal article 01/11/2004   ABS68446 127885-1001 06/08/2019 1 06/08/2019 Law report